Statistics for Countries Closest to San Marino

Click here to take the quiz!

General Stats

  • This quiz has been taken 339 times
  • The average score is 18 of 20

Answer Stats

kmcountrymiles% Correct
0Italy0
100%
259France161
99%
291Austria181
97%
310Switzerland193
97%
388Germany241
96%
186Slovenia115
96%
221Vatican City137
95%
271Bosnia and
Herzegovina
169
94%
141Croatia87
94%
524Serbia326
94%
587Albania365
92%
571Slovakia355
92%
495Montenegro308
91%
421Hungary262
90%
622Kosovo386
88%
409Liechtenstein254
88%
457Monaco284
88%
526Czechia327
87%
695North Macedonia432
86%
653Romania406
82%

Score Distribution

Percentile by Number Answered

Percent of People with Each Score

Your Score History

You have not taken this quiz